Responsabilidad por daños : Código Civil y Comercial de la Nación. Ley 26.994. Responsabilidad colectiva. Tomo VI /
Guardado en:
| Autor Principal: | |
|---|---|
| Otros Autores: | |
| Formato: | Libro |
| Idioma: | Spanish |
| Publicado: |
Santa Fé :
Rubinzal - Culzoni,
2016.
|
| Edición: | 1a. ed. rev. |
| Materias: | |
| Etiquetas: |
Agregar Etiqueta
Sin Etiquetas, Sea el primero en etiquetar este registro!
|
| LEADER | 01801nam a22002175a 4500 | ||
|---|---|---|---|
| 001 | DER.der014910 | ||
| 008 | 231026s2016####ag#||||||||||||||#||spa|| | ||
| 005 | 20231212135658.0 | ||
| 245 | 1 | 0 | |a Responsabilidad por daños : |b Código Civil y Comercial de la Nación. Ley 26.994. Responsabilidad colectiva. |n Tomo VI / |c Jorge Mosset Iturraspe, Miguel A. Piedecasas. |
| 250 | |a 1a. ed. rev. | ||
| 260 | |a Santa Fé : |b Rubinzal - Culzoni, |c 2016. | ||
| 300 | |a 427 p. | ||
| 505 | 0 | |a Tomo VI -- Parte general: El porqué de su planteamiento en el Derecho de Daños actual -- Los extremos o requisitos -- Los aspectos controvertidos -- Parte especial: Grupo de vecinos (los "frentistas" o que habitan al frente de un edificio) -- Grupo de "personajes de la construcción" -- Grupo de "participantes en una riña" -- Grupo de colisionantes (o automovilistas participantes de una colisión múltiple) -- Grupo de profesionales (equipo de médicos, abogados, contadores, etc.) -- Los grupos y el deporte ("los deportes colectivos" y "las barras o hinchas") -- Grupo de productores (fabricantes, importadores, mayoristas y minoristas del producto elaborado) -- Grupo de contaminadores (el daño nuclear y el daño ecológico o ambiental) -- El grupo de manifestantes (en ejercicio del derecho constitucional de reunirse o de peticionar) -- Grupo de huelguistas -- La responsabilidad grupal o colectiva desde la óptica de la psicología social y de la sociología -- Apéndice jurisprudencial. | |
| 020 | |a 9789873006401 | ||
| 100 | 1 | |a Mosset Iturraspe, Jorge | |
| 700 | 1 | |a Piedecasas, Miguel A. | |
| 650 | 7 | |a RESPONSABILIDAD CIVIL | |
| 650 | 7 | |a DERECHO DE DAÑOS | |
| 650 | 7 | |a CODIGO CIVIL Y COMERCIAL | |
| 859 | |a DERECHO |b BIB. DERECHO |h 346 |i MOS |p 009165 |3 Tomo VI | ||
| 859 | |a DERECHO |b BIB. DERECHO |h 346 |i MOS |p 009183 |t 1 |3 Tomo VI | ||
